00548nam a22001817a 4500003000900000005001700009008003100026020001500057040002200072100001800094245008900112260003500201300002800236490002500264521002600289700002600315830002500341DO-SdBNP20180215111347.0160718 1999 sp a spa d a8420792306 aBPMSUbspacBPMSU1 aCliment, Paco10aJuana Calamidad y la casa encantada /cPaco Climent ; ilustraciones Ángel Esteban  aMadrid : bGrupo Anaya,c1999. a93 p. :bil. ;c19 cm. 0 aEl duende verdev117 aA partir de 8 años.12aEsteban, Ángeleil. 0aEl duende verden117